| 000 | 00499nam a22001817a 4500 | ||
|---|---|---|---|
| 003 | NUST | ||
| 038 | _akhadija | ||
| 082 |
_a891.4392 _bNAS |
||
| 100 |
_aNaseem Hajazi _988918 |
||
| 245 |
_aPakistan Say Diyar E Haram Taak / _cNaseem Hajazi |
||
| 260 |
_aLahore _bJahangir _c2003. |
||
| 300 |
_a167p. ; _b22cm |
||
| 500 | _aHardcover | ||
| 563 | _aHB | ||
| 880 |
_6100-01 _aنسیم حجازی |
||
| 880 |
_6245-02 _aپاکستان سے دیار حرم تک _cنسیم حجازی |
||
| 942 |
_cBK _2ddc |
||
| 999 |
_c33082 _d33082 |
||